000 00912nam a22002651u 4500
001 05820
003 HDC
007 cr bn ---
008 210121p xx fo d 00 engg
040 _aHDC
100 _aNg Su Onn
_96123
245 0 _aHALFEST 2011 :
_bSupplying to retail chain stores, SME capacity versus Capability /
_cby Ng Su Onn
260 _a[No place] :
_b[publisher not identified]
_c2011
300 _a14 pages :
_bIllustrations
336 _atext
_2rdacontent
337 _acomputer
_2rdamedia
338 _aonline resource
_2rdacarrier
650 _aBusiness industry
_96119
650 _aHalal industry
_9144
650 _aRetail Industry
_94827
856 _zRequest full-text at [email protected]
942 _2lcc
942 _cSLIDE
942 _kSLID 000619
999 _c3144
_d3144